Flüchtlinge als Thema des politischen Diskurses in Deutschland (nach 2015) diplomová práca
Enregistré dans:
| Auteur principal: | |
|---|---|
| Collectivité auteur: | |
| Autres auteurs: | |
| Format: | Livre |
| Langue: | allemand |
| Publié: |
Bratislava
2017
|
| Tags: |
Pas de tags, Soyez le premier à ajouter un tag!
|
MARC
| LEADER | 00000nbm a2200000 4500 | ||
|---|---|---|---|
| 001 | 0231463 | ||
| 005 | 20180215144159.8 | ||
| 041 | 0 | |a ger | |
| 044 | |a SK | ||
| 245 | 1 | 0 | |a Flüchtlinge als Thema des politischen Diskurses in Deutschland (nach 2015) |b diplomová práca |c Ján Hess ; školiteľ: Radoslav Štefančík |
| 264 | 1 | |a Bratislava |c 2017 | |
| 300 | |a 64 s. | ||
| 100 | 1 | |a Hess, Jan | |
| 700 | 1 | |a Štefančík, Radoslav, 1976- | |
| 710 | 2 | |a Fakulta aplikovaných jazykov EU v Bratislave. Katedra interkultúrnej komunikácie | |